| 000 | 00552nam a2200193Ia 4500 | ||
|---|---|---|---|
| 999 |
_c34545 _d34545 |
||
| 003 | OSt | ||
| 005 | 20201116110157.0 | ||
| 008 | 190216s9999||||xx |||||||||||||| ||und|| | ||
| 020 | _a9788120347762 | ||
| 040 | _coclc | ||
| 082 |
_a537.6 _bGRI/I |
||
| 100 |
_aGriffiths, David J _94422 |
||
| 245 | 0 |
_aIntroduction To Electrodynamics / _cDavid J Griffiths |
|
| 250 | _a4th Ed. | ||
| 260 |
_bPhi Learning Private Limited, _c2013. _aDelhi: |
||
| 300 | _a599p | ||
| 650 | _aPhysics | ||
| 942 |
_cBK _2ddc _h537.6 _iGRI/I _k537.6 _mGRI/I |
||